000 00340nam a22001457a 4500
020 _a81--203-0668-6
041 _aENG
100 _aRangaswami .G
245 _aAgricultural Microbiolgy
260 _aDelhi
_bPrentice Hill Of India
_c1998
300 _a422
650 _aAgricultural
700 _aBagyaraj .D.J
856 _uAgricultural
999 _c441
_d441